بحوث و مناقشات ندوة تجربة دولة الإمارات العربية المتحدة التي نظمها مركز دراسات الوحدة العربية / (رقم التسجيلة. 30749)

تفاصيل مارك
000 -LEADER
fixed length control field 00723nam a22001697a 4500
005 - DATE AND TIME OF LATEST TRANSACTION
control field 20251108165546.0
008 - FIXED-LENGTH DATA ELEMENTS--GENERAL INFORMATION
fixed length control field 250721s1981 xx 000 0 ara d
082 14 - DEWEY DECIMAL CLASSIFICATION NUMBER
Classification number م/320.158/ندو
111 2# - MAIN ENTRY--MEETING NAME
Meeting name or jurisdiction name as entry element ندوة تجربة دولة الإمارات العربية المتحدة ، بيروت ، 1980
245 10 - TITLE STATEMENT
Title بحوث و مناقشات ندوة تجربة دولة الإمارات العربية المتحدة التي نظمها مركز دراسات الوحدة العربية /
264 1# - PRODUCTION, PUBLICATION, DISTRIBUTION, MANUFACTURE, AND COPYRIGHT NOTICE
Place of production, publication, distribution, manufacture بيروت :
Name of producer, publisher, distributor, manufacturer مركز دراسات الوحدة العربية،
Date of production, publication, distribution, manufacture, or copyright notice 1981.
300 ## - PHYSICAL DESCRIPTION
Extent 815ص : فهارس
650 17 - SUBJECT ADDED ENTRY--TOPICAL TERM
Topical term or geographic name as entry element القومية
650 17 - SUBJECT ADDED ENTRY--TOPICAL TERM
Topical term or geographic name as entry element الوحدة العربية
942 ## - ADDED ENTRY ELEMENTS (KOHA)
Source of classification or shelving scheme Dewey Decimal Classification
Koha item type مراجع
المقتنيات
حالة السحب حالة الفقدان مصدر التصنيف حالة التلف غير قابل للإعارة المكتبة الرئيسية المكتبة الحالية موقع الرف تاريخ التزويد الرقم المتسلسل Total Checkouts رقم الإستدعاء الباركود تاريخ آخر ظهور تاريخ الفاتورة نوع المادة (كوها)
    Dewey Decimal Classification   Not For Loan المكتبة المركزية المكتبة المركزية مراجع 06/07/2004 68431   م/320.158/ندو 68431 28/07/2025 06/07/2004 مراجع
    Dewey Decimal Classification   Not For Loan المكتبة المركزية المكتبة المركزية مراجع 06/07/2004 241521   م/320.158/ندو 241521 28/07/2025 06/07/2004 مراجع
Implemented & Customized by: BBB with SCIT (Smart Chains for Information Technology)

Powered by Koha